| 000 | 00566nam a2200181 i 4500 | ||
|---|---|---|---|
| 001 | 46283 | ||
| 003 | ES-MaACL | ||
| 005 | 20230906161345.0 | ||
| 007 | t| | ||
| 008 | 030328s1878 fr ||||1| fre d | ||
| 245 | 0 | 0 | _aComptes reudes de scances de 1877-(8-9-1880-1). |
| 250 | _a4eme serie. | ||
| 260 |
_aParís : _b[s.n., _c1878] ( _fImp. Nationale) |
||
| 300 |
_a5 v. ; _c22 cm. |
||
| 500 | _aPrecede al tít.: Academie des Inscriptions et Belles Lettres. | ||
| 710 | 2 |
_aAcadémie des inscriptions et belles-lettres (Francia) _91230 |
|
| 852 |
_aES-MaACL _jG-373-7 |
||
| 999 |
_c46283 _d46283 |
||